Taco Hemingway - Umowa o dzieło - Statystyki

Ogólne statystyki
  • Ten quiz został rozwiązany 92 razy
  • Średni wynik to 7 z 8
Statystyki odpowiedzi
Numer Tytuł % Poprawnych
3 Następna stacja
95%
7 Białkoholicy
92%
4 6 zer
88%
2 A mówiłem Ci
87%
8 100 kmh
85%
5 +4822
85%
6 Awizo
83%
1 Od zera
79%
Nie znaleziono quizów pasujących do podanych kryteriów
Rozkład punktacji
Procent ludzi z każdym wynikiem
Percentyl według liczby udzielonych odpowiedzi
Twoja historia wyników
Nie rozwiązałeś tego quizu